The haunted schoolhouse : (Record no. 6812)
[ view plain ]
| 000 -LEADER | |
|---|---|
| fixed length control field | 01034cam a22003377a 4500 |
| 001 - CONTROL NUMBER | |
| control field | 6812 |
| 003 - CONTROL NUMBER IDENTIFIER | |
| control field | FISKH |
| 005 - DATE AND TIME OF LATEST TRANSACTION | |
| control field | 20250529104330.0 |
| 008 - FIXED-LENGTH DATA ELEMENTS--GENERAL INFORMATION | |
| fixed length control field | 070917s2007 nyua j 000 1 eng |
| 010 ## - LIBRARY OF CONGRESS CONTROL NUMBER | |
| LC control number | 2007278265 |
| 020 ## - INTERNATIONAL STANDARD BOOK NUMBER | |
| International Standard Book Number | 9780689871504 |
| 020 ## - INTERNATIONAL STANDARD BOOK NUMBER | |
| International Standard Book Number | 0689871503 |
| 020 ## - INTERNATIONAL STANDARD BOOK NUMBER | |
| International Standard Book Number | 9780689871504 |
| 040 ## - CATALOGING SOURCE | |
| Original cataloging agency | DLC |
| Transcribing agency | DLC |
| Modifying agency | DLC |
| Language of cataloging | eng |
| 050 ## - LIBRARY OF CONGRESS CALL NUMBER | |
| Classification number | PZ7.W6656 H |
| 082 ## - DEWEY DECIMAL CLASSIFICATION NUMBER | |
| Classification number | 531 |
| 100 1# - MAIN ENTRY--PERSONAL NAME | |
| Personal name | Williams, Jacklyn. |
| 245 14 - TITLE STATEMENT | |
| Title | The haunted schoolhouse : |
| Remainder of title | a spooky lift-the-flap book / by Jacklyn Williams ; illustrated by Doug Cushman. |
| 250 ## - EDITION STATEMENT | |
| Edition statement | 1st ed. |
| 260 ## - PUBLICATION, DISTRIBUTION, ETC. | |
| Place of publication, distribution, etc. | New York : |
| Name of publisher, distributor, etc. | Little Simon, |
| Date of publication, distribution, etc. | 2007. |
| 300 ## - PHYSICAL DESCRIPTION | |
| Extent | 16 unnumbered pages : |
| Other physical details | color illustrations ; |
| Dimensions | 21 cm |
| 505 ## - FORMATTED CONTENTS NOTE | |
| Formatted contents note | E<br/> |
| 520 ## - SUMMARY, ETC. | |
| Summary, etc. | Visit Miss Grunge's ghastly class at the haunted schoolhouse. |
| 521 ## - TARGET AUDIENCE NOTE | |
| Target audience note | 160<br/> |
| Source | Lexile estimate <br/> |
| 521 ## - TARGET AUDIENCE NOTE | |
| Target audience note | E<br/> |
| Source | Raz-Plus<br/> |
| 650 ## - SUBJECT ADDED ENTRY--TOPICAL TERM | |
| Topical term or geographic name entry element | Lift the Flap |
| Form subdivision | Holidays |
| 700 1# - ADDED ENTRY--PERSONAL NAME | |
| Personal name | Cushman, Doug. |
| Relator term | illustrator |
| 906 ## - LOCAL DATA ELEMENT F, LDF (RLIN) | |
| a | 7 |
| b | cbc |
| c | origres |
| d | 4 |
| e | ncip |
| f | 20 |
| g | y-gencatlg |
| 942 ## - ADDED ENTRY ELEMENTS (KOHA) | |
| Source of classification or shelving scheme | Dewey Decimal Classification |
| Koha item type | Books |
| Suppress in OPAC | No |
| Withdrawn status | Lost status | Source of classification or shelving scheme | Damaged status | Not for loan | Collection | Home library | Current library | Shelving location | Date acquired | Total Checkouts | Full call number | Barcode | Date last seen | Date last checked out | Copy number | Price effective from | Koha item type |
|---|---|---|---|---|---|---|---|---|---|---|---|---|---|---|---|---|---|
| Dewey Decimal Classification | Juvenile Fiction | Footprints International School Library Network Toul Kork Campus | Footprints International School Library Network Toul Kork Campus | TK Primary Library Room(4th Floor), Bookcase 7, Shelves 57-60, Dark Green Books | 05/29/2025 | 1 | WIL 531 PZ7.W6656 H | FISTK02686 | 02/10/2026 | 02/03/2026 | 1 | 05/29/2025 | Books |
